000 00660cam a22002053a 4500
001 45621
003 PGUSA
005 20140828084045.0
008 140509s2014||||xxu|||||s|||||000 | eng d
040 _aPGUSA
_beng
042 _adc
100 1 _aClemenceau, Georges
245 1 0 _aSouth America To-day :
_bA Study of Conditions, Social, Political and Commercial in Argentina, Uruguay and Brazil
_h[electronic resource] /
_cGeorges Clemenceau
260 _bProject Gutenberg,
_c2014
506 _aPublic domain in the USA.
516 _aElectronic text
830 0 _aProject Gutenberg
_v45621
856 4 0 _uhttp://www.gutenberg.org/ebooks/45621
942 _cEB
999 _c274871
_d274871